000 00344nam a2200133Ia 4500
008 100122s9999 xx 000 0 und d
082 _b13191
_a50
245 _aअलका
520 _aदिवाळी अंक 2005
620 _aदिवाळी अंक 2005
630 _aअलका
730 _aअलका
942 _cBOOK
999 _c386710
_d386707